Name all the countries of Africa that are on the coast - Statistics

General Stats
  • This quiz has been taken 37 times
  • The average score is 27 of 33
Answer Stats
Hint Answer % Correct
A Algeria
97%
Angola
94%
B Benin
94%
C Cameroon
94%
Ghana
94%
N Namibia
94%
(2) South Africa
94%
Guinea
91%
K Kenya
91%
L Liberia
91%
M Morocco
91%
Nigeria
91%
E Egypt
88%
I Ivory Coast
88%
Libya
88%
T Tanzania
88%
D Djibouti
85%
G Gabon
85%
S Senegal
85%
(2) Sierra Leone
85%
Tunisia
85%
Eritrea
82%
Gambia
82%
Mozambique
82%
Togo
82%
Congo
79%
(2) Guinea-Bissau
79%
(2) Equatorial Guinea
74%
Somalia
74%
Mauritania
71%
Sudan
68%
W (2) Western Sahara
35%
(2) Congo-Kinshasa
6%
No matching quizzes found
Score Distribution
Percent of People with Each Score
Percentile by Number Answered
Your Score History
You have not taken this quiz